000 00571nam a2200217 i 4500
001 bgj
100 1 _aHEMINGWAY, Ernest
_d(1899-1961)
245 1 0 _aThe Sun Also Rises /
_cErnest Hemingway.
260 _aNew York :
_bCharles Scribner's Sons,
_cc. 1954.
300 _a247 pp ;
_c21 cm.
650 9 _aExpatriation
650 9 _aHistorical fiction
651 9 _aSpain
_xHistory
655 _aFiction
020 _a684718081 (pbk)
040 _cBPK
041 0 _aeng
920 _aSBN 684-71808-1 (pbk)
942 _cKS
008 s uk f |000 0 eng
999 _c48046
_d48046